| 000 | 01110na a2200301 4500 | ||
|---|---|---|---|
| 001 | 16423 | ||
| 003 | MIRAKIL | ||
| 005 | 20181213154757.0 | ||
| 008 | 161107b tu 000 0 | ||
| 035 | _a16423 | ||
| 040 |
_aMilas _btur _cTR-AnCHP |
||
| 041 | _atur | ||
| 082 |
_aCHP 324.2372 _bC36d 2008 |
||
| 090 | _aCHP 324.2372 C36d 2008 | ||
| 110 | _aCumhuriyet Halk Partisi | ||
| 222 | _aDeğişim için pusula (taslak), 30 Temmuz 2008 | ||
| 245 |
_aParti programı _b"Değişim için pusula" (taslak) _cCumhuriyet Halk Partisi |
||
| 246 | _aDeğişim için pusula (taslak) | ||
| 246 | _aCHP parti programı taslağı | ||
| 260 |
_aAnkara _bCHP _c2008 |
||
| 300 |
_akrş s. (yaklaşık 200 s.) _c30 sm. |
||
| 440 | _aCumhuriyet Halk Partisi Yayınları | ||
| 500 | _adış kapakta adı: Cumhuriyet Halk Partisi : Parti programı : "Değişim için pusula" (taslak) : (MYK'nın değerlendirmesine sunulan öneridir) | ||
| 610 |
_aCumhuriyet Halk Partisi (CHP) _xParti programı, 2008 _yTaslaklar |
||
| 610 |
_aCHP _xİdeoloji |
||
| 657 |
_aCHP parti programı _x30 Temmuz 2008 |
||
| 942 |
_2dcc _cBKS |
||
| 999 |
_c685 _d685 |
||